LEADER 01369nam a2200277 i 4500 001 000000251243 003 CaOOAMICUS 005 20161005000000.0 008 161005s2015 it u000 u ita u 013 $a230148 020 $a978-88-209-9438-9 040 $aSeMil$bita 100 1 $aWalczak, Roman <1972- >.$0(OLS)http://semarc/name/83521 245 10$aSede vacante come conseguenza della perdita di un ufficio ecclesiastico nel codice di diritto canonico del 1983 /$cRoman Walczak. 260 $aCittą del Vaticano :$bLibreria Editrice Vaticana,$c2015. 300 $a330 p. ;$c24 cm. 490 0 $aStudi giuridici ;$v112. 650 4$aPapato - Sede vacante.$0(OLS)http://semarc/subject/11934 650 4$aCodex iuris canonici <1983>.$0(OLS)http://semarc/subject/45204 830 0$aStudi giuridici ;$v112.$0(OLS)http://semarc/title/471 850 $aSeMil 852 $aSeMil$W1$xVenegono$y1$m2H VI 112$j201589$B201589$CSeMilBibl$Z2$F213659 $81 961 $aAcquisto: LdS 996 $6020$a978-88-209-9438-9$9(OLS)http://semarc/number/262039 996 $6245$aSede vacante come conseguenza della perdita di un ufficio ecclesiastico nel codice di diritto canonico del 1983$9(OLS)http://semarc/title/353386 996 $6260$aCittą del Vaticano :$bLibreria Editrice Vaticana$9(OLS)http://semarc/publisher/29734 LEADER 01059nam a2200217 i 4500 001 000000026690 003 CaOOAMICUS 005 20180830125447.0 008 180830s1935 it u000 u ita u 040 $aSeMil$bita 100 1 $aClementi, Francesco.$0(OLS)http://semarc/name/12034 245 10$aRoma imperiale nelle 14 regioni augustee secondo gli scavi e le ultime scoperte /$cF. Clementi ; prefazione di Pietro Fedele. 260 $aRoma :$bUgo Sofia Moretti - Editore,$c1935. 300 $a2 v. (VI, 356; 414 p., 62 c. di tav. compless.) :$bill. ;$c26 cm. 650 4$aImpero romano <27 a.C.-395> - Storia.$0(OLS)http://semarc/subject/1892 650 4$aRoma antica - Regioni.$0(OLS)http://semarc/subject/4263 700 1 $aFedele, Pietro,$d<1873-1943>.$0(OLS)http://semarc/name/89744 774 0 $t[1].$w()212918 774 0 $t[2].$w()212919 996 $6245$aRoma imperiale nelle 14 regioni augustee secondo gli scavi e le ultime scoperte$9(OLS)http://semarc/title/36048 996 $6260$aRoma :$bUgo Sofia Moretti - Editore$9(OLS)http://semarc/publisher/36915